Analýza informačného systému zdravia v Poľsku

Zdravie a jeho miesto v živote Európanov. Prevádzkovatelia zdravia a informačné technológie. Systémy IT pre ochranu zdravia v Poľsku. Informačný systém v oblasti verejného zdravia v Poľsku.

Gespeichert in:
Bibliographische Detailangaben
1. Verfasser: Urbanska, Jolanta
Format: Buchkapitel
Sprache:Slowakisch
Schlagworte:
Tags: Tag hinzufügen
Keine Tags, Fügen Sie das erste Tag hinzu!

MARC

LEADER 00000nla a2200000 4500
001 0178523
005 20220719101059.9
041 0 |a slo 
044 |a SK 
245 1 0 |a Analýza informačného systému zdravia v Poľsku  |c Jolanta Urbanska 
520 |a Zdravie a jeho miesto v živote Európanov. Prevádzkovatelia zdravia a informačné technológie. Systémy IT pre ochranu zdravia v Poľsku. Informačný systém v oblasti verejného zdravia v Poľsku. 
610 2 0 |a Poľsko 
610 2 0 |a technológie informačné 
610 2 0 |a technológie komunikačné 
610 2 0 |a systémy informačné 
610 2 0 |a zdravotníctvo verejné 
610 2 0 |a starostlivosť zdravotná 
100 1 |a Urbanska, Jolanta